000 01091nam a2200325Ic 4500
001 57950
003 CO-BoRNBP
005 20250813200838.0
007 ta
008 161213s2016 ck a g 000 0 spa
020 _a9789588954363
040 _aCO-BoRNBP
_bspa
_erda
_cCO-BoRNBP
041 _aspa
084 _aC
100 _aCortazar, Julio
_eaut
_915441
245 1 0 _aDiscurso del oso /
_cJulio Cortázar ; ilustraciones Emilio Urberuaga.
250 _aEdición especial
264 1 _aBogotá, Colombia :
_bBabel,
_c2016
300 _a[24] páginas sin numerar :
_bilustraciones a color
336 _atexto
_btxt
_2rdacontent
337 _asin mediación
_bn
_2rdamedia
338 _avolumen
_bnc
_2rdacarrier
490 0 _aPlan Nacional de Lectura y Escritura Leer es mi Cuento. 2016
521 _aRecomendado para niños de 6 a 8 años
650 0 4 _aLiteratura infantil argentina
_ysiglo xx
_2LEMB
_9783
650 0 7 _aOsos en la literatura
_2lemb
_962121
650 0 4 _aCuentos infantiles argentinos
_ysiglo xx
_2LEMB
700 _aUrberuaga, Emilio
_962122
942 _2loc
_cBKINF
999 _c57950
_d57950